Vplyv piesní a zneliek v reklame na znalosť značky a produktu diplomová práca

Salvato in:
Dettagli Bibliografici
Autore principale: Karailievová, Iveta
Ente Autore: Obchodná fakulta EU. Katedra marketingu
Altri autori: Chebeň, Juraj
Natura: Libro
Lingua:slovacco
Pubblicazione: Bratislava 2013
Tags: Aggiungi Tag
Nessun Tag, puoi essere il primo ad aggiungerne!!

MARC

LEADER 00000nbm a2200000 4500
001 0169656
005 20161109102318.1
041 0 |a slo 
044 |a SK 
245 1 0 |a Vplyv piesní a zneliek v reklame na znalosť značky a produktu  |b diplomová práca  |c Iveta Karailievová ; školiteľ: Juraj Chebeň 
264 1 |a Bratislava  |c 2013 
300 |a 67 s. 
100 1 |a Karailievová, Iveta 
700 1 |a Chebeň, Juraj 
710 2 |a Obchodná fakulta EU. Katedra marketingu